Advanced calculus : (Record no. 54002)
[ view plain ]
| 000 -LEADER | |
|---|---|
| fixed length control field | 00702nam a2200241 a 4500 |
| 001 - CONTROL NUMBER | |
| control field | 54002 |
| 003 - CONTROL NUMBER IDENTIFIER | |
| rucl marc code | BD-RjUL |
| 005 - DATE AND TIME OF LATEST TRANSACTION | |
| control field | 20211209080046.0 |
| 008 - FIXED-LENGTH DATA ELEMENTS--GENERAL INFORMATION | |
| fixed length control field | 161031s2004 caua 001 0 eng c |
| 020 ## - INTERNATIONAL STANDARD BOOK NUMBER | |
| International Standard Book Number | 0534926126 |
| International Standard Book Number | 9812548912 |
| 035 ## - SYSTEM CONTROL NUMBER | |
| System control number | (BD-RjUL)54124 |
| 040 ## - CATALOGING SOURCE | |
| Original cataloging agency | CGU |
| Transcribing agency | CGU |
| Modifying agency | BD-RjUL |
| Language of cataloging | eng |
| 041 ## - LANGUAGE CODE | |
| Language code of text/sound track or separate title | eng |
| 082 ## - DEWEY DECIMAL CLASSIFICATION NUMBER | |
| Edition number | 23 |
| Classification number | 515 |
| Author mark and year | FIA 2004 |
| 100 1# - MAIN ENTRY--PERSONAL NAME | |
| Personal name | Fitzpatrick, Patrick, |
| Dates associated with a name | 1946- |
| 9 (RLIN) | 161261 |
| 245 10 - TITLE STATEMENT | |
| Title | Advanced calculus : |
| Remainder of title | a course in mathematical analysis / |
| Statement of responsibility, etc. | Patrick M. Fitzpatrick. |
| 260 ## - PUBLICATION, DISTRIBUTION, ETC. (IMPRINT) | |
| Place of publication, distribution, etc. | Canada : |
| Name of publisher, distributor, etc. | Thomson, |
| Date of publication, distribution, etc. | c1996 [Reprin 2004] . |
| 300 ## - PHYSICAL DESCRIPTION | |
| Pagination | Various pages : |
| Illustrations | ill. ; |
| Size | 24 cm. |
| 500 ## - GENERAL NOTE | |
| General note | Includes index. |
| 650 #0 - SUBJECT ADDED ENTRY--TOPICAL TERM | |
| Topical term or geographic name as entry element | Calculus. |
| 9 (RLIN) | 161262 |
| 942 ## - ADDED ENTRY ELEMENTS (KOHA) | |
| Source of classification or shelving scheme | Dewey Decimal Classification |
| Koha item type | Books |
| Lost status | Source of classification or shelving scheme | Damaged status | Not for loan | Collection code | Permanent Location | Current Location | Shelving location | Date acquired | Source of acquisition | Cost, normal purchase price | Total Checkouts | Full call number | Date last seen | Copy number | Koha item type |
|---|---|---|---|---|---|---|---|---|---|---|---|---|---|---|---|
| Dewey Decimal Classification | Non-fiction | Central Library, University of Rajshahi | Central Library, University of Rajshahi | 17/08/2010 | Dhaka,Paragon Enterprise Lit., | 475.00 | 515 FIA 2004 | 31/10/2016 | C-2 | Books |